000 01601cam a22004214i 4500
003 PE-LiUPU
005 20250731173138.0
008 150623s r 000 0 d
035 _a(Sirsi) a27098
040 _aPE-LiUPU
_bspa
_cPE-LiUPU
_erda
082 0 4 _a222.530 7
_bD64
_221
100 1 _aDe Vries, Simon John,
_eautor.
245 1 0 _aProphet against prophet /
_cSimon John De Vries.
264 1 _aGrand Rapids, Michigan :
_bWilliam B, Eerdmans Publishing Company,
_c1978.
300 _a162 páginas ;
_c23 cm.
336 _atext
_2rdacontent
337 _aunmediated
_2rdamedia
338 _avolume
_2rdacarrier
505 0 _aThe present state of the question. The text. Literary analysis. The independent Micaiah narratives. Analysis of form and ideology. The history of the Micaiah tradition. Redaction history. Theological perspectives.
526 _aSEG42
526 _aSEG41
526 _aSEG40
526 _aSEG39
526 _aP94
526 _aP87
526 _aP86
526 _aP85
526 _aP77
526 _aP76
526 _aP35
630 _aBiblia.
_pA.T.
_pReyes II
_xCrítica, interpretación, etc.
650 0 4 _aProfetas.
942 _2ddc
_cBOOK
949 _a222.530 7 D64
_wDEWEY
_c1
_i52376
_lCCODEBUL1
_mBUL
_p5.00
_r0
_sY
_tBOOK
_u2015-06-24
_xTEOLOGIA
_PP35
_0COMPRA
_o.STAFF. Colección General
596 _a1
999 _a222.530 7 D64
_wDEWEY
_c34201
_i52376
_f2021-11-11
_g5
_lCCODEBUL1
_mBUL
_p5.00
_r0
_sY
_tBOOK
_u2015-6-24
_xTEOLOGIA
_PP35
_0COMPRA
_o.STAFF. Colección General
_d34201
980 _81
_gALBERTO SANCHEZ Responsable de Automatización